[Event "4NCL/Div1/BAR2 vs. RIC"]
[Site "West Bromwich ENG"]
[Date "2002.11.24"]
[Round "2.2"]
[White "Bates, Richard A"]
[Black "Shikerov, Stefan"]
[Result "1-0"]
[WhiteElo "2367"]
[BlackElo "2339"]
[PlyCount "89"]
[EventDate "2002.11.24"]

1. d4 d5 2. c4 c6 3. Nf3 Nf6 4. e3 e6 5. Bd3 Nbd7 6. O-O dxc4 7. Bxc4 b5 8. Bd3
a6 9. a4 b4 10. e4 c5 11. e5 Nd5 12. Nbd2 cxd4 13. Re1 Nc5 14. Ne4 Nxd3 15.
Qxd3 Bb7 16. Nxd4 Be7 17. Qg3 Qb6 18. Nb3 O-O-O 19. Bg5 Kb8 20. a5 Qb5 21. Nd6
Bxd6 22. Bxd8 Rxd8 23. exd6 g6 24. Nd2 Ka8 25. Ne4 Qd7 26. Rac1 h6 27. h4 Ka7
28. Rc4 Ka8 29. Qe5 Qb5 30. Rc5 Qd7 31. Rd1 f5 32. Nf6 Qxd6 33. Qxd6 Rxd6 34.
Nxd5 exd5 35. Rd4 Rd7 36. Rxb4 Re7 37. Kf1 g5 38. Rb6 gxh4 39. Rxh6 Re4 40. Rc7
Rb4 41. Rb6 Rxb6 42. axb6 a5 43. f3 Ba6+ 44. Kf2 Bc4 45. Ke3 1-0

[Event "4NCL/Div1/BAR2 vs. RIC"]
[Site "West Bromwich ENG"]
[Date "2002.11.24"]
[Round "2.3"]
[White "Trent, Lawrence"]
[Black "Wall, Gavin"]
[Result "1-0"]
[WhiteElo "2254"]
[BlackElo "2362"]
[PlyCount "97"]
[EventDate "2002.11.24"]

1. e4 e5 2. Bc4 Nf6 3. d4 exd4 4. Nf3 Nc6 5. e5 d5 6. Bb5 Ne4 7. Nxd4 Bd7 8.
Bxc6 bxc6 9. O-O Bc5 10. Be3 Qe7 11. f3 Nd6 12. Bf2 Bxd4 13. Qxd4 Nb7 14. Nd2
O-O 15. Nb3 Bf5 16. Qc3 Qd7 17. Rad1 f6 18. Nc5 Nxc5 19. Bxc5 Rf7 20. Rfe1 Be6
21. Bd4 f5 {(=)} 22. f4 Rff8 23. Re3 Rfb8 24. b3 a5 25. a4 Rb4 26. Ree1 Kf7 27.
Qd2 Rb7 28. Bc5 Rbb8 29. Qf2 Kg8 30. Qh4 Re8 31. Re3 h6 32. Rg3 Kh7 33. Rdd3
Rg8 34. Rg5 Bf7 35. Be7 Bg6 36. Rgg3 Rae8 37. Bg5 Re6 38. Rh3 Rf8 39. Bxh6 gxh6
40. Qxh6+ Kg8 41. Rdg3 Kf7 42. Rh5 d4 43. Rhg5 Rg8 44. h4 d3 45. Rxd3 Qe8 46.
h5 Rh8 47. hxg6+ Kg8 48. Qxh8+ Kxh8 49. g7+ 1-0

[Event "4NCL/Div1/BAR2 vs. RIC"]
[Site "West Bromwich ENG"]
[Date "2002.11.24"]
[Round "2.4"]
[White "Hinks-Edwards, Thomas"]
[Black "Berry, Neil"]
[Result "1-0"]
[WhiteElo "2363"]
[BlackElo "2276"]
[PlyCount "127"]
[EventDate "2002.11.24"]

1. e4 e6 2. d4 d5 3. Nc3 Bb4 4. e5 Ne7 5. a3 Bxc3+ 6. bxc3 c5 7. Qg4 O-O 8. Bd3
Nbc6 9. Nf3 f5 10. exf6 Rxf6 11. Qh5 h6 12. O-O c4 13. Be2 Bd7 14. Ne5 Nxe5 15.
Qxe5 Ng6 16. Qg3 Ba4 17. Bd1 Qd7 18. h4 Raf8 19. Qh2 Qf7 20. g3 Rf3 21. Bd2 Ne7
22. Rc1 Nc8 23. Bxf3 Qxf3 24. Qg2 Nd6 25. Qxf3 Rxf3 26. Kg2 Rf6 27. f3 b6 28.
g4 Nb5 29. Rfe1 Kf7 30. Re5 Rg6 31. Kg3 Nd6 32. Kf2 Rf6 33. Kg3 Rg6 34. h5 Rf6
35. Kg2 a6 36. Be1 g5 37. hxg6+ Rxg6 38. Bd2 Kf6 39. Rce1 Kf7 40. Rc1 Kf6 41.
Rh5 Nf7 42. Kf2 Bd7 43. Bf4 b5 44. Be5+ Ke7 45. Ke3 Be8 46. Rch1 Kf8 47. R5h4
Bd7 48. f4 Kg8 49. Rg1 Kf8 50. Rh5 Kg8 51. g5 a5 52. Kf2 hxg5 53. fxg5 a4 54.
Ke3 Be8 55. Kf4 Kf8 56. Bf6 Kg8 57. Re1 Bd7 58. Rhh1 Bc8 59. Rh2 Kf8 60. Rhe2
Nd6 61. Rxe6 Bxe6 62. Rxe6 Ne4 63. Kf5 Rg8 64. Rb6 1-0

[Event "4NCL/Div1/BAR2 vs. RIC"]
[Site "West Bromwich ENG"]
[Date "2002.11.24"]
[Round "2.5"]
[White "Coleman, David"]
[Black "Webb, Laurence E"]
[Result "0-1"]
[WhiteElo "2239"]
[BlackElo "2279"]
[PlyCount "72"]
[EventDate "2002.11.24"]

1. e4 e6 2. d4 d5 3. Nc3 Bb4 4. e5 c5 5. a3 Bxc3+ 6. bxc3 Qa5 7. Bd2 cxd4 8.
cxd4 Qa4 9. Nf3 b6 10. Qb1 Ba6 11. Qb3 Qxb3 12. cxb3 Bxf1 13. Rxf1 Nc6 14.
O-O-O Nge7 15. Kb2 Kd7 16. Bg5 Ng6 17. h4 h5 18. g3 Rhc8 19. Ne1 a5 20. f4 a4
21. b4 Na7 22. f5 exf5 23. Rxf5 Ke6 24. Rf3 Nb5 25. Rfd3 Rc4 26. Nf3 Rac8 27.
Rc1 Ne7 28. Bf4 Nf5 29. Rxc4 Rxc4 30. Ng5+ Ke7 31. Nf3 Nfxd4 32. Nxd4 Rxd4 33.
Rxd4 Nxd4 34. Be3 Nb5 35. Bxb6 Ke6 36. Kc2 Nxa3+ $138 {0-1, Time.} 0-1

[Event "4NCL/Div1/BAR2 vs. RIC"]
[Site "West Bromwich ENG"]
[Date "2002.11.24"]
[Round "2.6"]
[White "Nixon, Thomas CM"]
[Black "Cox, John J"]
[Result "1/2-1/2"]
[WhiteElo "2204"]
[BlackElo "2289"]
[PlyCount "115"]
[EventDate "2002.11.24"]

1. d4 d5 2. c4 e6 3. Nc3 c6 4. cxd5 exd5 5. Nf3 Bf5 6. a3 Nf6 7. g3 Nbd7 8. Bg2
Bd6 9. O-O O-O 10. Nh4 Be6 11. Qd3 Re8 12. Rd1 Nb6 13. b3 Qd7 14. Bg5 Be7 15.
Nf3 Bf5 16. Qd2 Ne4 17. Nxe4 dxe4 18. Ne5 Qe6 19. Bxe7 Rxe7 20. Qc3 Nd5 21. Qd2
b5 22. Rac1 Rc8 23. f3 exf3 24. Bxf3 Bh3 25. e4 Nf6 26. Nxc6 Rxc6 27. d5 Rxc1
28. dxe6 Rxd1+ 29. Qxd1 Bxe6 30. Qd6 Re8 31. e5 Ng4 32. Qd4 h5 33. b4 Bc4 34.
Bxg4 hxg4 35. a4 a6 36. Qxg4 Re6 37. Kf2 g6 38. Qd4 Kh7 39. Kf3 Kg8 40. Kf4 Kg7
41. Kg5 Bb3 42. a5 Bc4 43. g4 Kh7 44. h4 Kg7 45. Qc5 Be2 46. Qd4 Bc4 47. h5
gxh5 48. gxh5 Kh7 49. Qc3 Kg8 50. Qe3 Kg7 51. Kf5 Rh6 52. Qg5+ Kh7 53. Ke4 Be2
54. Kd5 Rxh5 55. Qe3 Bc4+ 56. Kd6 Rh6+ 57. Ke7 Kg7 58. Qd4 1/2-1/2

[Event "4NCL/Div1/BAR2 vs. RIC"]
[Site "West Bromwich ENG"]
[Date "2002.11.24"]
[Round "2.7"]
[White "Taylor, Peter"]
[Black "Franklin, Michael J"]
[Result "0-1"]
[WhiteElo "2212"]
[BlackElo "2222"]
[PlyCount "88"]
[EventDate "2002.11.24"]

1. c4 c5 2. g3 g6 3. Bg2 Bg7 4. Nc3 d6 5. Nf3 Nc6 6. O-O e6 7. e3 Nge7 8. d4
O-O 9. d5 Na5 10. Qd3 exd5 11. Nxd5 Nxd5 12. cxd5 a6 13. Rb1 b5 14. b4 cxb4 15.
Rxb4 Nb7 16. Bb2 Bf5 17. Qd2 Nc5 18. Bxg7 Kxg7 19. Nd4 Bd3 20. Rd1 a5 21. Nc6
Qd7 22. Rd4 Bf5 23. Rh4 g5 24. Qb2+ f6 25. Rhd4 b4 26. e4 Bg6 27. Rc4 Na4 28.
Qd2 Rfe8 29. h4 h6 30. f4 gxh4 31. f5 Bh5 32. Rdc1 Nc3 33. Nd4 hxg3 34. Qe3 Kh7
35. Qxg3 Rg8 36. Qh2 Bf7 37. Kf1 Rg5 38. Rc6 Qa7 39. Ne6 Bxe6 40. fxe6 Rag8 41.
R1xc3 bxc3 42. Bh3 Qe3 43. Bf5+ Rxf5+ 44. exf5 Qc1+ 0-1

[Event "4NCL/Div1/BAR2 vs. RIC"]
[Site "West Bromwich ENG"]
[Date "2002.11.24"]
[Round "2.8"]
[White "Wilson, Alexandra"]
[Black "Regan, Natasha"]
[Result "0-1"]
[WhiteElo "2029"]
[BlackElo "2200"]
[PlyCount "139"]
[EventDate "2002.11.24"]

1. e4 Nf6 2. e5 Nd5 3. d4 d6 4. c4 Nb6 5. exd6 exd6 6. Nc3 Be7 7. Bd3 Nc6 8.
Nge2 Bg4 9. Be3 Qd7 10. O-O Nb4 11. b3 Nxd3 12. Qxd3 d5 13. c5 Nc8 14. Bf4 O-O
15. Qg3 c6 16. h3 Bh5 17. Be5 f6 18. Bf4 Re8 19. Rfe1 Bf8 20. Qh2 b6 21. g4 Bg6
22. b4 a5 23. a3 Bd3 24. Rad1 Bc4 25. Ng3 axb4 26. axb4 Ra3 27. Bd2 Ne7 28. Ra1
Rea8 29. Rab1 Bd3 30. Rb2 Ra1 31. f3 Ng6 32. Qf2 Qe6 33. Nge2 Rxe1+ 34. Bxe1
Ra1 35. h4 Be7 36. h5 Nf8 37. Kg2 bxc5 38. bxc5 f5 39. Nf4 Qxe1 40. Qxe1 Rxe1
41. Nxd3 Re3 42. Rd2 fxg4 43. fxg4 Bf6 44. Ne2 Ne6 45. Nb4 Rxe2+ 46. Rxe2 Nf4+
47. Kf3 Nxe2 48. Kxe2 Bxd4 49. Nxc6 Bxc5 50. Kd3 Kf7 51. Ne5+ Ke6 52. Nf3 Be7
53. Nd4+ Ke5 54. Nc6+ Kd6 55. Nd4 Bf6 56. Nf3 h6 57. Ke3 Kc5 58. Kd3 d4 59. Ne1
Bg5 60. Ke4 Kc4 61. Nd3 Kc3 62. Nc5 Bf6 63. Nd3 Kc2 64. Nc5 Kd2 65. Nd3 Ke2 66.
Nc5 Kf2 67. Kf4 Bg5+ 68. Ke5 Ke3 69. Ne4 d3 70. Ng3 0-1

[Event "4NCL/Div1/BET vs. PYO"]
[Site "West Bromwich ENG"]
[Date "2002.11.24"]
[Round "2.1"]
[White "Williams, Simon K"]
[Black "Haslinger, Stewart"]
[Result "1/2-1/2"]
[WhiteElo "2391"]
[BlackElo "2385"]
[PlyCount "152"]
[EventDate "2002.11.24"]

1. c4 e5 2. Nc3 Nf6 3. Nf3 Nc6 4. g3 Bb4 5. Bg2 O-O 6. O-O Re8 7. d3 h6 8. e4
a5 9. h3 Bc5 10. Kh2 d6 11. Be3 Be6 12. Nd5 Nd4 13. Nxf6+ Qxf6 14. Nxd4 Bxd4
15. Bxd4 exd4 16. f4 a4 17. Qd2 c5 18. Rae1 Bd7 19. e5 dxe5 20. Bxb7 Rab8 21.
Bd5 Be6 22. fxe5 Qg5 23. Qe2 Bxd5 24. cxd5 f6 25. Qg2 Rxe5 26. Rxe5 Qxe5 27.
Rc1 Qd6 28. Rc4 Re8 29. Rxa4 Re3 30. Rc4 Qe7 31. Rc2 {(=)} 31... Rxd3 32. b4
Re3 33. d6 Qxd6 34. bxc5 Qe5 35. c6 Rc3 36. Re2 Qc5 37. Qf2 d3 38. Re8+ Kf7 39.
Qxc5 Rxc5 40. Rd8 Rc2+ 41. Kg1 Rxc6 42. Rxd3 Rc1+ 43. Kf2 Rc2+ 44. Kf3 Rxa2 45.
g4 Ra4 46. Kg3 g5 47. Rb3 Kg6 48. Rb6 Kg7 49. Rb7+ Kg6 50. Rb6 Ra3+ 51. Kg2 Ra1
52. Rc6 Ra4 53. Kg3 Ra3+ 54. Kg2 Ra8 55. Kg3 Ra7 56. Rb6 Ra3+ 57. Kg2 Re3 58.
Ra6 Kf7 59. Ra7+ Re7 60. Ra6 Re6 61. Ra8 Re8 62. Ra7+ Kg6 63. Ra6 Rh8 64. h4 h5
65. gxh5+ Rxh5 66. hxg5 {(=)} 66... Kxg5 67. Ra5+ f5 68. Ra4 Rh8 69. Rb4 Ra8
70. Kf3 Ra3+ 71. Kf2 Rd3 72. Ra4 Kf6 73. Rb4 Ke5 74. Rb5+ Ke4 75. Rb4+ Rd4 76.
Rxd4+ Kxd4 1/2-1/2

[Event "4NCL/Div1/BET vs. PYO"]
[Site "West Bromwich ENG"]
[Date "2002.11.24"]
[Round "2.2"]
[White "Taylor, Martin R"]
[Black "Pert, Richard G"]
[Result "1/2-1/2"]
[WhiteElo "2300"]
[BlackElo "2391"]
[PlyCount "34"]
[EventDate "2002.11.24"]

1. c4 f5 2. g3 Nf6 3. Bg2 e6 4. Nf3 Be7 5. O-O O-O 6. d3 Qe8 7. Nc3 Qh5 8. e4
fxe4 9. Nxe4 Nxe4 10. dxe4 Bc5 11. Bd2 Nc6 12. Bc3 a5 13. a3 b6 14. e5 Bb7 15.
Nd4 Qxd1 16. Raxd1 Nxd4 17. Bxd4 Bxg2 1/2-1/2

[Event "4NCL/Div1/BET vs. PYO"]
[Site "West Bromwich ENG"]
[Date "2002.11.24"]
[Round "2.3"]
[White "Ledger, Andrew J"]
[Black "Broomfield, Matthew"]
[Result "0-1"]
[WhiteElo "2397"]
[BlackElo "2255"]
[PlyCount "82"]
[EventDate "2002.11.24"]

1. e4 Nf6 2. e5 Nd5 3. d4 d6 4. c4 Nb6 5. exd6 exd6 6. Nc3 Be7 7. Bd3 Nc6 8.
Nge2 Bf6 9. Be3 O-O 10. O-O Nb4 11. b3 Nxd3 12. Qxd3 c6 13. Rac1 d5 14. c5 Nd7
15. b4 g6 16. h3 Re8 17. Bf4 Nf8 18. a4 Ne6 19. Bh2 Ng5 20. f3 h5 21. b5 Bf5
22. Qd2 Qe7 23. Bf4 Ne6 24. Bd6 Qd8 25. g4 hxg4 26. hxg4 Bg5 27. f4 Bxg4 28.
fxg5 Nxg5 29. Be5 Nh3+ 30. Kg2 Qh4 31. Bf6 g5 32. Ng3 Nf4+ 33. Rxf4 Qh3+ 34.
Kg1 Qxg3+ 35. Qg2 gxf4 36. Qxg3 fxg3 37. Kg2 Re6 38. Be5 f6 39. Bf4 Kg7 40.
Kxg3 Bf5 41. bxc6 bxc6 0-1

[Event "4NCL/Div1/BET vs. PYO"]
[Site "West Bromwich ENG"]
[Date "2002.11.24"]
[Round "2.4"]
[White "Rendle, Thomas E"]
[Black "Pert, Nicholas"]
[Result "0-1"]
[WhiteElo "2238"]
[BlackElo "2462"]
[PlyCount "162"]
[EventDate "2002.11.24"]

1. e4 e6 2. d4 d5 3. e5 c5 4. c3 Nc6 5. Nf3 Bd7 6. Be2 Nge7 7. Na3 cxd4 8. cxd4
Nf5 9. Nc2 Qb6 10. O-O a5 11. b3 Nb4 12. Ne3 Rc8 13. a3 Nc6 14. Bb2 Be7 15. Rc1
O-O 16. Bd3 Nxe3 17. fxe3 f5 18. h4 Na7 19. Rxc8 Nxc8 20. Rf2 Be8 21. g3 Bh5
22. Qc2 Na7 23. Be2 Rc8 24. Qd3 Bg6 25. Qd1 Nb5 26. Bxb5 Qxb5 27. Ne1 Qe8 28.
Ng2 Bh5 29. Qd2 b6 30. Nf4 Bf8 31. Qd3 h6 32. Rc2 Bf7 33. Rxc8 Qxc8 34. Qd1 Be7
35. Qc1 Qxc1+ 36. Bxc1 g5 37. hxg5 hxg5 38. Ne2 Kg7 39. Kf2 Kg6 40. Kg2 Kh5 41.
Kf3 Kh6 42. Kf2 Bh5 43. Nc3 Kg7 44. Kg2 Kf7 45. Kf2 Ke8 46. Ke1 Kd7 47. Bb2 Kc6
48. Bc1 Bf3 49. Kd2 Bf8 50. Kd3 Bg2 51. Kd2 Be7 52. Kd1 Bf1 53. Ke1 Ba6 54. Kd2
Kd7 55. Kd1 Bd8 56. Kd2 Ke8 57. Ke1 Kf7 58. Nb1 Kg6 59. Kf2 Kh5 60. Kf3 Bd3 61.
Nd2 Be7 62. Bb2 Bc2 63. Bc1 Bd1+ 64. Kf2 Kg4 65. Kg2 b5 66. Kf2 b4 67. axb4
axb4 68. Kg2 Bd8 69. Kf2 Kh3 70. Bb2 Bc2 71. Bc1 g4 72. Bb2 Bd3 73. Bc1 Kh2 74.
Bb2 Bb5 75. Bc1 Be7 76. Bb2 Bg5 77. Bc1 Bxe3+ 78. Kxe3 Kxg3 79. Ne4+ dxe4 80.
Bd2 f4+ 81. Kxe4 f3 0-1

[Event "4NCL/Div1/BET vs. PYO"]
[Site "West Bromwich ENG"]
[Date "2002.11.24"]
[Round "2.5"]
[White "Hunt, Adam C"]
[Black "Yastrebov, Alexander"]
[Result "1-0"]
[WhiteElo "2365"]
[BlackElo "2207"]
[PlyCount "77"]
[EventDate "2002.11.24"]

1. e4 c5 2. Nf3 Nc6 3. d4 cxd4 4. Nxd4 e5 5. Nb5 a6 6. Nd6+ Bxd6 7. Qxd6 Qf6 8.
Qd1 Qg6 9. Nc3 Nge7 10. h4 h5 11. Bg5 d5 12. Bxe7 d4 13. Bc5 dxc3 14. f3 cxb2
15. Rb1 Be6 16. Rxb2 Rd8 17. Qc1 Rd7 18. Kf2 f5 19. exf5 Qxf5 20. Qe3 e4 21.
Ba3 Rf7 22. Be2 Ne5 23. f4 Bd5 24. Rd1 Bc6 25. g3 g5 26. Qd4 Qf6 27. hxg5 Nd3+
28. Rxd3 Qxd4+ 29. Rxd4 h4 30. g6 Rg7 31. gxh4 Rxh4 32. Rd6 Rxf4+ 33. Ke3 Rh4
34. Rxc6 Rh3+ 35. Kxe4 bxc6 36. Rb8+ Kd7 37. Rb7+ Ke6 38. Bg4+ Kf6 39. Bb2+ 1-0

[Event "4NCL/Div1/BET vs. PYO"]
[Site "West Bromwich ENG"]
[Date "2002.11.24"]
[Round "2.6"]
[White "Mutton, Jonathan B"]
[Black "Ledger, David J"]
[Result "1/2-1/2"]
[WhiteElo "2197"]
[BlackElo "2267"]
[PlyCount "42"]
[EventDate "2002.11.24"]

1. d4 f5 2. c4 Nf6 3. Nf3 e6 4. d5 Bb4+ 5. Bd2 Qe7 6. Nc3 e5 7. Qc2 Bxc3 8.
Bxc3 d6 9. b4 O-O 10. g3 Ne4 11. Bb2 a5 12. a3 axb4 13. axb4 Rxa1+ 14. Bxa1 f4
15. Bg2 Bf5 16. Qb2 fxg3 17. hxg3 Ng5 18. Nxg5 Qxg5 19. O-O Nd7 20. Qc1 Qh5 21.
f3 Bh3 1/2-1/2

[Event "4NCL/Div1/BET vs. PYO"]
[Site "West Bromwich ENG"]
[Date "2002.11.24"]
[Round "2.7"]
[White "Eames, Robert G"]
[Black "Hodge, David J"]
[Result "1/2-1/2"]
[WhiteElo "2313"]
[BlackElo "2165"]
[PlyCount "150"]
[EventDate "2002.11.24"]

1. e4 e5 2. Nf3 Nc6 3. Bb5 a6 4. Bxc6 dxc6 5. O-O Bg4 6. h3 h5 7. d3 Qf6 8.
Nbd2 Ne7 9. Re1 Ng6 10. d4 Bd6 11. hxg4 hxg4 12. Nh2 Rxh2 13. Qxg4 Qh4 14. Qxh4
Rxh4 15. Nf3 Rh5 16. Be3 Ke7 17. g3 exd4 18. Nxd4 Ne5 {(=)} 19. f4 Ng4 20. Nf5+
Kf8 21. Bd4 g6 22. Ne3 Nxe3 23. Rxe3 Ke7 24. e5 Bb4 25. a3 c5 26. Bc3 Bxc3 27.
Rxc3 Rd8 {(=)} 28. Rf1 Rd2 29. Rf2 Rh1+ 30. Kg2 Rh2+ 31. Kxh2 Rxf2+ 32. Kh3 b6
33. b4 Ke6 34. bxc5 b5 35. Kg4 Rd2 36. Kg5 Rd5 37. c6 Rd2 38. Rc5 Rg2 39. g4
Rg3 40. c3 Rg1 41. a4 bxa4 42. Ra5 Ra1 43. f5+ gxf5 44. gxf5+ Ke7 45. Rd5 Rg1+
{(=)} 46. Kf4 Rf1+ 47. Kg4 Rg1+ 48. Kh4 Rh1+ 49. Kg3 a3 50. Rd7+ Ke8 51. Rd2
Rc1 52. Ra2 Rxc3+ 53. Kf4 Ke7 54. Ke4 Rxc6 {(=)} 55. Rxa3 Rc1 56. f6+ Kd7 57.
Rxa6 Re1+ 58. Kf5 Rf1+ 59. Kg5 Re1 60. Kh6 Rxe5 61. Kg7 Rg5+ 62. Kxf7 Rg1 63.
Ra2 c5 64. Rd2+ Kc6 65. Rf2 Kd7 66. Rd2+ Kc6 67. Rd8 c4 68. Rc8+ Kd5 69. Rc7
Kd4 70. Rd7+ Ke3 71. Ke6 Rf1 72. Rc7 Kd3 73. f7 c3 {(=)} 74. Rc5 c2 75. Rd5+
Kc3 1/2-1/2

[Event "4NCL/Div1/BET vs. PYO"]
[Site "West Bromwich ENG"]
[Date "2002.11.24"]
[Round "2.8"]
[White "Bensdorp, Marlies"]
[Black "Tidman, Sophie"]
[Result "1-0"]
[WhiteElo "2159"]
[BlackElo "2147"]
[PlyCount "99"]
[EventDate "2002.11.24"]

1. d4 Nf6 2. c4 e6 3. Nc3 Bb4 4. Qc2 O-O 5. a3 Bxc3+ 6. Qxc3 b6 7. Bg5 Bb7 8.
e3 d6 9. f3 Nbd7 10. Bd3 h6 11. Bh4 c5 12. Bg3 d5 13. Ne2 Rc8 14. cxd5 exd5 15.
Qd2 Re8 16. O-O a6 17. Rfe1 b5 18. Nc3 Qb6 19. Bf2 cxd4 20. exd4 Nf8 21. Bf5
Ne6 22. Re2 Rc4 23. Rae1 Bc8 24. b3 Rc7 25. Bh4 g5 26. Bg3 Rce7 27. Bxe6 Rxe6
28. Be5 Bb7 29. Bxf6 Rxe2 30. Rxe2 Rxe2 31. Nxe2 Qxf6 32. b4 Bc8 33. Qe3 Bf5
34. Kf2 Kg7 {(=)} 35. Qe5 Qxe5 36. dxe5 Bd3 37. Nd4 Kf8 38. Ke3 Bf1 39. g3 Ke7
40. Nf5+ Ke6 41. Nxh6 Kxe5 42. Nxf7+ Kf6 43. Nd8 Bh3 44. Nb7 Bc8 45. Nc5 Ke5
46. Nd3+ Kf5 47. Kd4 Ke6 48. Nc5+ Kd6 49. h4 gxh4 50. gxh4 1-0

[Event "4NCL/Div1/BRI1 vs. WGR2"]
[Site "Telford ENG"]
[Date "2003.01.18"]
[Round "3.1"]
[White "Ansell, Simon"]
[Black "Littlewood, Paul E"]
[Result "0-1"]
[WhiteElo "2398"]
[BlackElo "2399"]
[PlyCount "60"]
[EventDate "2003.01.18"]

1. e4 c5 2. Nf3 d6 3. c3 Nf6 4. Be2 Nbd7 5. d3 g6 6. Nbd2 Bg7 7. d4 cxd4 8.
cxd4 O-O 9. O-O d5 10. e5 Ne8 11. Re1 f6 12. Qb3 Nb6 13. a4 a5 14. Bd3 f5 15.
Nb1 h6 16. h4 e6 17. Nc3 Nd7 18. Nxd5 exd5 19. Qxd5+ Kh7 20. e6 Nc7 21. Qa2
Nxe6 22. h5 Nxd4 23. hxg6+ Kxg6 24. Nxd4 Bxd4 25. Qe6+ Nf6 26. Bxf5+ Kg7 27.
Qe7+ Qxe7 28. Rxe7+ Rf7 29. Bxh6+ Kg8 30. Rxf7 Kxf7 0-1

[Event "4NCL/Div1/BRI1 vs. WGR2"]
[Site "Telford ENG"]
[Date "2003.01.18"]
[Round "3.2"]
[White "McDonald, Neil"]
[Black "Cobb, Charles"]
[Result "0-1"]
[WhiteElo "2391"]
[BlackElo "2331"]
[PlyCount "74"]
[EventDate "2003.01.18"]

1. g3 d5 2. Bg2 c6 3. Nf3 Bf5 4. O-O e6 5. d3 h6 6. Nbd2 Nf6 7. b3 Be7 8. Bb2
O-O 9. Qe1 Bh7 10. e4 a5 11. a4 Na6 12. Qe2 Nc5 13. Nd4 e5 14. Nf5 Bxf5 15.
exf5 Nfd7 16. Rae1 Bf6 17. Qd1 Re8 18. Qa1 Qb6 19. Re2 Na6 20. Rfe1 Nb4 21. Nf3
Re7 22. h4 Rae8 23. Nh2 h5 24. Bf3 e4 25. dxe4 dxe4 26. Bxh5 Qc5 27. Qc1 e3 28.
Rxe3 Rxe3 29. Rxe3 Rxe3 30. fxe3 Bxb2 31. Qxb2 Qxe3+ 32. Kg2 Qe4+ 33. Nf3 Nf6
34. g4 Qe2+ 35. Kg3 Ne4+ 36. Kf4 Nd5+ 37. Ke5 Nec3+ 0-1

[Event "4NCL/Div1/BRI1 vs. WGR2"]
[Site "Telford ENG"]
[Date "2003.01.18"]
[Round "3.3"]
[White "Beaumont, Chris"]
[Black "Levitt, Jonathan P"]
[Result "0-1"]
[WhiteElo "2328"]
[BlackElo "2419"]
[PlyCount "52"]
[EventDate "2003.01.18"]

1. d4 Nf6 2. Nf3 e6 3. e3 d6 4. b3 g6 5. Bb2 Bg7 6. Nbd2 O-O 7. Bd3 Re8 8. O-O
e5 9. dxe5 Ng4 10. Nc4 d5 11. Ncd2 Nd7 12. c4 Ndxe5 13. Nxe5 Nxe5 14. Be2 dxc4
15. Bxc4 Bf5 16. Rc1 Qe7 17. Bxe5 Bxe5 18. e4 Bd7 19. Nf3 Bf4 20. Rc3 Rad8 21.
Re1 Bc6 22. Bd5 Bxd5 23. exd5 Rxd5 24. Qb1 Qd7 25. Rxe8+ Qxe8 26. g3 Qe2 0-1

[Event "4NCL/Div1/BRI1 vs. WGR2"]
[Site "Telford ENG"]
[Date "2003.01.18"]
[Round "3.4"]
[White "Sowray, Peter J"]
[Black "Sherwin, James T"]
[Result "1-0"]
[WhiteElo "2323"]
[BlackElo "2323"]
[PlyCount "139"]
[EventDate "2003.01.18"]

1. d4 d5 2. c4 c6 3. Nf3 Nf6 4. Qc2 dxc4 5. e4 b5 6. b3 cxb3 7. axb3 e6 8. Bd2
Bb7 9. Bd3 h6 10. Ba5 Qc8 11. O-O Nbd7 12. b4 Be7 13. Nc3 O-O 14. Rfe1 Qb8 15.
e5 Nd5 16. Nxd5 cxd5 17. Bxb5 Rc8 18. Qb3 Nb6 19. Rac1 Rc7 20. Bd3 Qc8 21. Rc5
Rc6 22. Rxc6 Bxc6 23. Rc1 Qb7 24. Nd2 Bg5 25. b5 Bd7 26. Rc5 Rb8 27. Qc2 Bxd2
28. Bxd2 Nc4 29. Qc1 Nxd2 30. Qxd2 Qb6 31. Qc3 g6 32. h4 h5 33. g3 Kg7 34. Kg2
Rb7 35. Qc1 Qd8 36. Qa3 Qb6 37. Be2 Rb8 38. Qf3 Qd8 39. Qc3 Rb7 40. Bd3 Qb8 41.
Qc2 Qe8 42. Qe2 Qb8 43. Kh3 Qd8 44. Qd2 Kg8 45. Qh6 Qe8 46. Qc1 Kg7 47. Qf1 Qd8
48. Qe1 Qb8 49. Qe2 Qd8 50. Qd2 Kg8 51. f3 Kg7 52. g4 hxg4+ 53. fxg4 Rb8 54. g5
Qe8 55. Qe2 Rb7 56. Qf1 Kg8 57. Kg4 Qd8 58. h5 gxh5+ 59. Kxh5 Rb8 60. Qf6 Be8
61. Kh6 Qxf6+ 62. exf6 Kf8 63. Rc7 Ra8 64. Kh5 Kg8 65. Kg4 Rb8 66. Rc5 Bd7 67.
Kf4 Rb7 68. Ke5 Rb6 69. Rc7 Bxb5 70. Rc8+ 1-0

[Event "4NCL/Div1/BRI1 vs. WGR2"]
[Site "Telford ENG"]
[Date "2003.01.18"]
[Round "3.5"]
[White "Buckley, Simon T"]
[Black "Tiller, Bjorn"]
[Result "1/2-1/2"]
[WhiteElo "2266"]
[BlackElo "2380"]
[PlyCount "45"]
[EventDate "2003.01.18"]

1. d4 g6 2. e4 Bg7 3. Nf3 d6 4. Be3 Nf6 5. Nc3 a6 6. Qd2 b5 7. Bd3 Bb7 8. a3
Nbd7 9. Bh6 Bxh6 10. Qxh6 c5 11. d5 c4 12. Be2 Nc5 13. Ng5 Qb6 14. O-O Rf8 {(=)
} 15. Nxh7 Nxh7 16. Qxh7 O-O-O 17. Qh6 e5 18. dxe6 fxe6 19. Qe3 Qc6 20. Bg4 Kb8
21. Rad1 Nxe4 22. Bf3 Rxf3 23. Qxf3 1/2-1/2

[Event "4NCL/Div1/BRI1 vs. WGR2"]
[Site "Telford ENG"]
[Date "2003.01.18"]
[Round "3.6"]
[White "Tan, Desmond"]
[Black "Collier, David O"]
[Result "1-0"]
[WhiteElo "2307"]
[BlackElo "2273"]
[PlyCount "39"]
[EventDate "2003.01.18"]

1. e4 c5 2. Nc3 Nc6 3. Nf3 e5 4. Bc4 d6 5. d3 Be7 6. O-O Nf6 7. Ng5 O-O 8. f4
exf4 9. Bxf4 Ne5 10. Bxe5 dxe5 11. Kh1 h6 12. Nf3 Qd6 13. Qe1 Nh5 14. Nd5 g6
15. Qc3 Nf4 16. Nxe7+ Qxe7 17. Nxe5 Qg5 18. Rxf4 Qxf4 19. Nxg6 Qf2 20. Qh8# 1-0

[Event "4NCL/Div1/BRI1 vs. WGR2"]
[Site "Telford ENG"]
[Date "2003.01.18"]
[Round "3.7"]
[White "Headlong, Timothy"]
[Black "Lee, Graham D"]
[Result "1-0"]
[WhiteElo "2208"]
[BlackElo "2367"]
[PlyCount "95"]
[EventDate "2003.01.18"]

1. Nf3 Nf6 2. c4 c5 3. Nc3 e6 4. g3 b6 5. Bg2 Bb7 6. O-O a6 7. d4 cxd4 8. Qxd4
d6 9. Rd1 Be7 10. b3 Nbd7 11. e4 O-O 12. Ba3 Nc5 13. e5 dxe5 14. Qxd8 Rfxd8 15.
Nxe5 Bxg2 16. Kxg2 Bf8 17. Bxc5 Bxc5 18. Na4 Kf8 19. b4 Bxb4 20. Nxb6 Bc3 21.
Nxa8 Rxa8 22. Nd7+ Nxd7 23. Rac1 Bb2 24. Rc2 Nb6 25. Rxb2 Nxc4 26. Rb7 g5 27.
Rdb1 Kg7 28. Rb8 Ra7 29. R1b7 Rxb7 30. Rxb7 a5 31. Rb5 f5 32. Rc5 Nd2 33. Rxa5
Kf6 34. Ra7 h5 35. f4 gxf4 36. gxf4 Nc4 37. Rh7 Kg6 38. Rc7 Na3 39. h4 Kf6 40.
Kf3 Nb5 41. Rh7 Nd4+ 42. Kf2 Kg6 43. Rd7 Nb5 44. a4 Nc3 45. a5 Ne4+ 46. Kg2 Nc5
47. Rc7 Nd3 48. Rc4 1-0

[Event "4NCL/Div1/BRI1 vs. WGR2"]
[Site "Telford ENG"]
[Date "2003.01.18"]
[Round "3.8"]
[White "Jackson, Sheila"]
[Black "Headlong, Fenella"]
[Result "1-0"]
[WhiteElo "2173"]
[BlackElo "1672"]
[PlyCount "83"]
[EventDate "2003.01.18"]

1. e4 e5 2. Nf3 Nc6 3. Bb5 a6 4. Ba4 Nf6 5. O-O Nxe4 6. d4 b5 7. Bb3 d5 8. dxe5
Be6 9. Nbd2 Nc5 10. c3 Be7 11. Bc2 Bg4 12. h3 Bh5 13. Qe1 O-O 14. Nd4 Nxd4 15.
cxd4 Ne6 16. Nb3 Bg6 17. Bxg6 fxg6 18. Be3 Nf4 19. Qd2 g5 20. Rac1 Qd7 21. Bxf4
gxf4 22. f3 Rac8 23. Nc5 Bxc5 24. Rxc5 Rf5 25. Rfc1 h6 26. Rc6 a5 27. Qxa5 Rg5
28. Rxc7 Rxc7 29. Qxc7 Qxh3 30. Qc8+ Qxc8 31. Rxc8+ Kf7 32. Rb8 Rg6 33. Rxb5
Ra6 34. a3 Rc6 35. Rxd5 Rc1+ 36. Kh2 Rc2 37. Rd7+ Kf8 38. e6 g5 39. b4 Ke8 40.
Rg7 Rd2 41. b5 Rb2 42. d5 1-0

[Event "4NCL/Div1/BAR1 vs. WGR1"]
[Site "Telford ENG"]
[Date "2003.01.18"]
[Round "3.1"]
[White "Parker, Jonathan"]
[Black "Adams, Michael"]
[Result "1/2-1/2"]
[WhiteElo "2545"]
[BlackElo "2734"]
[PlyCount "83"]
[EventDate "2003.01.18"]

1. d4 Nf6 2. c4 e6 3. Nc3 Bb4 4. Nf3 c5 5. g3 cxd4 6. Nxd4 Ne4 7. Qd3 Bxc3+ 8.
bxc3 Nc5 9. Qd2 b6 10. Nb5 O-O 11. Nd6 Bb7 12. Nxb7 Nxb7 13. Bg2 Nc6 14. Ba3
Re8 15. Rd1 Qf6 16. O-O Red8 17. f4 Rac8 18. g4 d6 19. g5 Qe7 20. f5 Ne5 21. f6
Qd7 22. Qf4 Rxc4 23. Rd4 Ng6 24. Qf3 Rxd4 25. cxd4 Na5 26. fxg7 Nc4 27. Bc1 d5
28. Qf2 Nd6 29. h4 Ne7 30. h5 Nef5 31. h6 Ne4 32. Bxe4 dxe4 33. e3 Rc8 34. Bb2
Qe7 35. Qf4 Qb4 36. Rc1 Re8 37. Qf2 Qe7 38. Qf4 Qb4 39. Qf2 Qe7 40. Qf4 Qb4 41.
Qf2 Qe7 42. Qf4 1/2-1/2